00810nas a2200229Ia 4500001001100000003000900011008004100020040001300061040001300074041001300087100004400100210001700144222001700161245009300178250001100271260002900282501008600311300001700397362003600414500009400450650003600544R035/44099IT-RoPAU151124c99999999xx |||||||||||| ||und|| aIT-RoPAU cIT-RoPAU aITALIANO aGallagher TaggCodice Aut. SPICS: 21325 aSEGNO CINEMA aSegno Cinema aSEGNO CINEMA, ANNO 05-N.19 (SETTEMBRE 1985)bDavid Wark Griffith, un Grande. Ma Chi Era? a1a ed. aVICENZAbCINEFORUMc1985 bPaulus - SPICS - Società San Paolo EM (non-commercial uses only)cCopyright2015 a2 p. [89-90] aANNO 005, N.19 (SETTEMBRE 1985) aRecensione Alla Monumentale Biografia di Richard Schickel Sul Grande Pioniere del Cinema. aCINEMAvPUBBLICAZIONE PERIODICA